1951 1641 1278 1092 1917 1082 1146 1790 1753 1185 1211 1402 1391 1680 1273 1267 1206 1778 1985 1544 1793 1787 1662 1667 1717 1947 1176 1815 1478 1557 1988 1975 1732 1679 1622 1618 1850 1352 1981 1927 1872 1626 1221 1616 1934 1450 1997 1114 1176 1445 1016 1212 1467 1378 1584 1144 1177 1504 1209 1098 1293 1063 1974 1018 1972 1948 1526 1856 1725 1440 1539 1765 1353 1115 1389 1706 1762 1974 1947 1885 1456 1907 1993 1975 1997 1025 2000 1252 1059 1916 1581 1131 1390 1078 1097 1255 1796 1535 1924 BCNSPRNW ULIB Ver.6.0+V

เปลี่ยนเป็นภาษาไทย

Change to English
 แสดงรายละเอียดบรรณานุกรม
  กลับหน้าหลัก

Brief Record : Get Marc (ISO 2709) : E-mail record : QR code < ปิดหน้าต่าง
LEADER : 00000nas 2200000uu 4500
001    13399114809
003     ULIB
008    020711s10 th a 000 0 tha d
022    ^a16867076
110    ^aกระทรวงสาธารณสุข.^bกรมควบคุมโรค.^bสำนักงานป้องกันควบคุมโรคที่10.
245    ^aวารสารสาธารณสุขล้านนา/^cสำนักงานป้องกันควบคุมโรคที่10 เชียงใหม่.
260    ^aเชียงใหม่ :^bสำนักงานป้องกันควบคุมโรคที่10.,^cม.ป.ป.
310    ^aรายสี่เดือน
850 ^a ULIB^bฉบับที่ 3 ปีที่ 7 ;ฉบับที่ 3 ปีที่ 7 ฉ.2 ;ฉบับที่ 1 ปีที่ 8 ;ฉบับที่ 2 ปีที่ 8 ;ฉบับที่ 3 ปีที่ 8 ;ฉบับที่ 1 ปีที่ 10 ;ฉบับที่ 2 ปีที่ 10 ฉ.1
850 ^a ULIB:campus^bฉบับที่ 1 ปีที่ 8
945    ^p0^l0^i900385
945    ^p0^l0^i900386
945    ^p0^l0^i800253
945    ^p0^l0^i900754
945    ^p0^l0^i901131
945    ^p0^l0^i901436
945    ^p0^l0^i902310
945    ^p0^l0^i902649
999 ^a ทศพร
รายการนี้ยังไม่มีแท็ก
คุณยังไม่ได้ล็อกอิน คุณสามารถมีกิจกรรมร่วมกับเว็บไซต์ได้ แต่ต้องล็อกอินก่อน ::
  ล็อกอิน

รายการสื่อสารสนเทศ (วารสาร)

ดูแบบ: กล่อง รายการ
ARRIVED
ฉบับที่ 3 ปีที่ 7
สถานที่: ห้องสมุดวิทยาเขตสวรรค์ประชารักษ์ >วารสาร
ARRIVED
ฉบับที่ 1 ปีที่ 8
สถานที่: ห้องสมุดวิทยาเขตสวรรค์ประชารักษ์ >นวนิยายห้องสมุดวิทยาเขตสวรรค์ประชารักษ์ >หนังสือทั่วไป
ARRIVED
ฉบับที่ 2 ปีที่ 8
สถานที่: ห้องสมุดวิทยาเขตสวรรค์ประชารักษ์ >วารสาร
ARRIVED
ฉบับที่ 3 ปีที่ 8
สถานที่: ห้องสมุดวิทยาเขตสวรรค์ประชารักษ์ >วารสาร
ARRIVED
ฉบับที่ 1 ปีที่ 10
สถานที่: ห้องสมุดวิทยาเขตสวรรค์ประชารักษ์ >วารสาร
ARRIVED
ฉบับที่ 2 ปีที่ 10 ฉ.1
สถานที่: ห้องสมุดวิทยาเขตสวรรค์ประชารักษ์ >วารสาร
รายการใกล้เคียง
    ผู้แต่ง []

BibComment


ยังไม่เคยถูกคอมเมนท์

คอมเมนท์ทรัพยากรรายการนี้
  คอมเมนท์: วารสารสาธารณสุขล..


 Copyright 2026. Bcnsprnw @Library